2022 Major Sports Events - Statistics

General Stats
  • This quiz has been taken 39 times
  • The average score is 5 of 10
Answer Stats
Question Answer % Correct
Who won the 2022 World Cup? Argentina
100%
Who won the Masters Tournament 2022? S. Scheffler
83%
Who won the Tour De France 2022? Jonas Vingegaard
67%
Who won the World Series 2022? Astros
50%
Who won the USFL 2022? Stallions
50%
Who won the NBA Finals 2022? Warriors
50%
Who won the Daytona 500 2022? Austin Cindric
33%
Who won the Super Bowl in 2022? Rams
33%
Who won the Indy 500 2022? Marcus Ericsson
17%
Who won the Monaco Grand Prix 2022? S. Perez
17%
No matching quizzes found
Score Distribution
Percent of People with Each Score
Percentile by Number Answered
Your Score History
You have not taken this quiz